000 00244nam a2200121Ia 4500
100 _aPeter Stavroulakis
942 _cRB
654 _awireless
245 _aWireless local loops
260 _bWiley
_c2001
300 _a289
546 _aENGLISH
999 _c34373
_d34373